000 00570nam a2200229Ia 4500
003 OSt
005 20221005122225.0
006 a|||||r|||| 00| 0
007 ta
008 221004b |||||||| |||| 00| 0 mal d
024 _a56741
037 _cTextual
040 _aCRL
_cCRL
_bmal
041 _2mal
_amal
082 _aO32,3NJA,1, K1
100 _aJoshua J.R.
_9631669
245 0 _aIrul neengi
260 _c1961
650 _aMALAYALAM LITERATURE
_938866
942 _hO32,3NJA,1, K1
_cTEXL
_2cc
999 _c1043653
_d1043653